000
00332nam a2200109Ia 4500
008
221009s9999 xx 000 0 und d
082
_a
891.433/MIS/N
100
_a
मिश्र , भगवत शरण
_9
78059
245
0
_a
छत्रपति शिवाजी
260
_b
राजेश प्रकाशन
942
_c
BK
999
_c
65106
_d
65106